[Event "Ruhrgebiet VK3 0708"]
[Site "Germany"]
[Date "2008.04.06"]
[Round "8.8"]
[White "Bagriacik, Aydogan"]
[Black "Seemann, Mathis"]
[Result "0-1"]
[WhiteElo "1322"]
[BlackElo "1864"]
[PlyCount "32"]
[EventDate "2007.09.16"]
[EventType "team"]
[EventRounds "9"]
[EventCountry "GER"]
[SourceTitle "EXT 2009"]
[Source "ChessBase"]
[SourceDate "2008.11.26"]
[SourceVersion "1"]
[SourceVersionDate "2008.11.26"]
[SourceQuality "1"]
[WhiteTeam "Bergh Wambel"]
[BlackTeam "Bochum Uni"]
[WhiteTeamCountry "GER"]
[BlackTeamCountry "GER"]

1. e4 c5 2. Nf3 e6 3. d4 cxd4 4. Qxd4 Nc6 5. Qd1 Qc7 6. Bd2 Nf6 7. Nc3 a6 8. Be2 b5 9. a3 Bb7 10. Bd3 Bc5 11. Qe2 Nd4 12. Nxd4 Bxd4 13. 0-0 h5 14. h3 Ng4 15. hxg4 hxg4 16. g3 Qxg3# 0-1

[Event "Ruhrgebiet VK2 0405"]
[Site "Ruhrgebiet"]
[Date "2005.04.10"]
[Round "9.6"]
[White "Wallhof, Dieter"]
[Black "Bagriacik, Aydogan"]
[Result "1-0"]
[WhiteElo "1968"]
[BlackElo "1302"]
[PlyCount "81"]
[EventDate "2004.09.12"]
[EventType "team"]
[EventRounds "9"]
[EventCountry "GER"]
[SourceTitle "EXT 2006"]
[Source "ChessBase"]
[SourceDate "2005.11.24"]
[SourceVersion "1"]
[SourceVersionDate "2005.11.24"]
[SourceQuality "1"]
[WhiteTeam "Welper SV"]
[BlackTeam "Berghofen Wambel II"]
[WhiteTeamCountry "GER"]
[BlackTeamCountry "GER"]

1. d4 g6 2. e4 Bg7 3. c3 d6 4. Nf3 b6 5. Bc4 e6 6. 0-0 Ne7 7. Qe2 0-0 8. Bg5 Bb7 9. Nbd2 Qd7 10. Rfe1 a5 11. Qe3 f6 12. Bh6 b5 13. Bxg7 Kxg7 14. Bb3 a4 15. Bc2 Qe8 16. b3 a3 17. b4 Nd7 18. Bb3 d5 19. Rac1 Nb6 20. Bc2 Rd8 21. Qe2 dxe4 22. Bxe4 Bxe4 23. Nxe4 Ned5 24. Nc5 Nf4 25. Qe4 Nbd5 26. g3 Nh3+ 27. Kg2 Ng5 28. Nxg5 fxg5 29. Nxe6+ Kg8 30. Nxd8 Qxe4+ 31. Rxe4 Rxd8 32. Re6 Rd6 33. Rxd6 cxd6 34. Kf3 Kf7 35. Ke4 Nb6 36. d5 Kf6 37. Kd4 Nc4 38. Re1 Ne5 39. Rxe5 dxe5+ 40. Ke4 h5 41. h3 1-0

[Event "Ruhrgebiet VK2 0405"]
[Site "Ruhrgebiet"]
[Date "2005.03.13"]
[Round "8.7"]
[White "Brueck, Uwe"]
[Black "Bagriacik, Aydogan"]
[Result "0-1"]
[WhiteElo "1714"]
[BlackElo "1302"]
[PlyCount "78"]
[EventDate "2004.09.12"]
[EventType "team"]
[EventRounds "9"]
[EventCountry "GER"]
[SourceTitle "EXT 2006"]
[Source "ChessBase"]
[SourceDate "2005.11.24"]
[SourceVersion "1"]
[SourceVersionDate "2005.11.24"]
[SourceQuality "1"]
[WhiteTeam "Muelheim Heissen"]
[BlackTeam "Berghofen Wambel II"]
[WhiteTeamCountry "GER"]
[BlackTeamCountry "GER"]

1. d4 g6 2. e4 Bg7 3. c4 e6 4. Nc3 Ne7 5. Be3 b6 6. Nf3 Bb7 7. d5 exd5 8. cxd5 0-0 9. Bc4 d6 10. 0-0 Nd7 11. Qd2 Ne5 12. Nxe5 Bxe5 13. f4 Bg7 14. f5 f6 15. Bh6 g5 16. Bxg7 Kxg7 17. Ne2 c5 18. Rf3 Qd7 19. Raf1 b5 20. Bd3 a5 21. Rh3 h6 22. Rh5 Qe8 23. g4 Ba6 24. Rf3 Rh8 25. h4 Ng8 26. Rh3 Qe7 27. hxg5 fxg5 28. Qxa5 Nf6 29. Ng3 Bb7 30. Qxb5 Ba6 31. Qb3 Bxd3 32. Qxd3 Rxa2 33. Qb3 Qa7 34. Qc3 c4+ 35. Kg2 Qb6 36. Rh1 Rxb2+ 37. Kh3 Qf2 38. Ne2 Rxe2 39. Qg3 Re3 0-1